000 003190000a22001450004500
003 MACL
040 _aMACL
090 _c8646
_d8645
100 _aJawaid, M A
245 _aMinorities of India
_bProblems and Prospects
260 _bManak Publications
_c2007
350 _a975
650 _aSociology
942 _cBOOK
_k300
999 _c8592
_d8592